000 00820nam a2200277 a 4500
001 34938
003 BD-RjUL
005 20211209052232.0
008 140520s1974 fr a bs i000 0 eng
020 _a923101191X
035 _a(BD-RjUL)35032
035 _a(BD-RjUL)
040 _aLC
_beng
_cLC
_dXNTU
_dBD-RjUL
041 _aeng
082 0 4 _a302.234
_219
_bUNR 1974
245 1 0 _aRace as news /
_cIntroduction by D. Halloran
260 _aParis :
_bUnesco Press,
_c1974.
300 _a173 p. :
_bill. ;
_c25 cm.
504 _aIncludes bibliographical references.
650 0 _aMass media and race relations.
_9106354
650 0 _aMass media and race relations
_zGreat Britain.
_953875
700 1 _aKlineberg, Otto,
_d1899-
_9106355
710 2 _aUnesco.
_9106356
942 _2ddc
_cBK
999 _c34938
_d34938